Northern Asia-Pacific Division News & Views. (Record no. 10160)
[ view plain ]
| 000 -LEADER | |
|---|---|
| fixed length control field | 01350nam a2200301 4500 |
| 003 - CONTROL NUMBER IDENTIFIER | |
| control field | AUA.1 |
| 005 - DATE AND TIME OF LATEST TRANSACTION | |
| control field | 20130522154807.0 |
| 008 - FIXED-LENGTH DATA ELEMENTS--GENERAL INFORMATION | |
| fixed length control field | eng |
| 035 ## - SYSTEM CONTROL NUMBER | |
| System control number | .b15061668 |
| 040 ## - CATALOGING SOURCE | |
| Transcribing agency | AUA |
| 050 ## - LIBRARY OF CONGRESS CALL NUMBER | |
| Classification number | BX6101 |
| Item number | .N49 |
| 099 ## - LOCAL FREE-TEXT CALL NUMBER (OCLC) | |
| Classification number | CAR Periodical |
| 222 70 - KEY TITLE | |
| Key title | Northern Asia-Pacific Division News & Views. |
| 245 10 - TITLE STATEMENT | |
| Title | Northern Asia-Pacific Division News & Views. |
| 246 ## - VARYING FORM OF TITLE | |
| Title proper/short title | News & Views. |
| 246 7# - VARYING FORM OF TITLE | |
| Title proper/short title | News and Views. |
| 246 7# - VARYING FORM OF TITLE | |
| Title proper/short title | News & Views (Northern Asia-Pacific Division) |
| 247 7# - FORMER TITLE | |
| Title | News and Views. |
| 247 7# - FORMER TITLE | |
| Title | News & Views (Northern Asia-Pacific Division) |
| 260 1# - PUBLICATION, DISTRIBUTION, ETC. (IMPRINT) | |
| Place of publication, distribution, etc | Singapore. |
| Date of publication, distribution, etc | 2011 |
| 300 ## - PHYSICAL DESCRIPTION | |
| Extent | 31p.: |
| Other physical details | col. ill. |
| 440 ## - SERIES STATEMENT/ADDED ENTRY--TITLE | |
| Title | News & Views. |
| Volume number/sequential designation | September/ October 2011 |
| 9 (RLIN) | 36317 |
| 500 ## - GENERAL NOTE | |
| General note | Contents:<br/>True safety in Jesus;<br/>Satellite broadcasts hope to the chinese-speaking world;<br/>NSD president visits central Asia;<br/>Southern Asia division president visits NSD and KUC;<br/>GA mission trip to Mongolia;<br/>Two Korean evangelistic teams visit Uganda; |
| 700 ## - ADDED ENTRY--PERSONAL NAME | |
| Personal name | SukHee Han |
| Relator term | Editor |
| 9 (RLIN) | 36318 |
| 856 ## - ELECTRONIC LOCATION AND ACCESS | |
| Uniform Resource Identifier | <a href="http://www.nsdadventist.org/news/news_2.html">http://www.nsdadventist.org/news/news_2.html</a> |
| Public note | Northern Asia-Pacific Division News and Views (Online) |
| 942 ## - ADDED ENTRY ELEMENTS (KOHA) | |
| Source of classification or shelving scheme | Library of Congress Classification |
| Koha item type | Periodical |
| Classification part | BX6102 |
| Item part | .N49 2011 |
| Withdrawn status | Lost status | Source of classification or shelving scheme | Damaged status | Not for loan | Home library | Current library | Date acquired | Total Checkouts | Full call number | Date last seen | Price effective from | Koha item type |
|---|---|---|---|---|---|---|---|---|---|---|---|---|
| Library of Congress Classification | Judith Thomas Library | Judith Thomas Library | 22/05/2013 | BX6102 .N49 2011 | 22/05/2013 | 22/05/2013 | Periodical |